000 00242nam a2200109Ia 4500
008 220204s9999 xx 000 0 und d
082 _a323
_bGHO
100 _aGhose, S K
245 0 _aBetrayal
260 _aDelhi
_bSterling
_c1979
942 _cBK
999 _c34079
_d34079